D02_Bリーグのチーム名2025~26 - Statistics

General Stats
  • This quiz has been taken 23 times
  • The average score is 37 of 55
Answer Stats
Hint Answer % Correct
B1東地区 千葉ジェッツ
94%
B1東地区 レバンガ北海道
88%
B1東地区 宇都宮ブレックス
88%
B1東地区 アルバルク東京
88%
B1西地区 琉球ゴールデンキングス
88%
B1東地区 サンロッカーズ渋谷
82%
B1西地区 三遠ネオフェニックス
82%
B1西地区 滋賀レイクス
82%
B1西地区 島根スサノオマジック
82%
B1西地区 長崎ヴェルカ
82%
B1東地区 仙台89ERS
82%
B1東地区 茨城ロボッツ
76%
B1東地区 アルティーリ千葉
76%
B1東地区 横浜ビー・コルセアーズ
76%
B1西地区 富山グラウジーズ
76%
B1西地区 京都ハンナリーズ
76%
B1西地区 広島ドラゴンフライズ
76%
B1東地区 越谷アルファーズ
71%
B1東地区 川崎ブレイブサンダース
71%
B1西地区 シーホース三河
71%
B1西地区 ファイティングイーグルス名古屋
71%
B1西地区 名古屋ダイヤモンドドルフィンズ
71%
B1西地区 大阪エヴェッサ
71%
B1西地区 佐賀バルーナーズ
71%
B2東地区 青森ワッツ
71%
B1東地区 秋田ノーザンハピネッツ
65%
B1東地区 群馬クレインサンダーズ
65%
B2東地区 福島ファイヤーボンズ
65%
B2西地区 神戸ストークス
65%
B2西地区 バンビシャス奈良
65%
B3 徳島ガンバロウズ
65%
B2東地区 岩手ビッグブルズ
59%
B2東地区 山形ワイヴァンズ
59%
B2東地区 横浜エクセレンス
59%
B2東地区 福井ブローウィンズ
59%
B2東地区 信州ブレイブウォリアーズ
59%
B2西地区 愛媛オレンジバイキングス
59%
B2西地区 熊本ヴォルターズ
59%
B2西地区 鹿児島レブナイズ
59%
B3 さいたまブロンコス
59%
B3 立川ダイス
59%
B3 東京八王子ビートレインズ
59%
B3 金沢武士団
59%
B3 ヴィアティン三重
59%
B3 トライフープ岡山
59%
B3 山口パッツファイブ
59%
B3 香川ファイブアローズ
59%
B3 新潟アルビレックスBB
59%
B2西地区 ベルテックス静岡
53%
B2西地区 ライジングゼファー福岡
53%
B3 東京ユナイテッドバスケットボールクラブ
53%
B3 しながわシティバスケットボールクラブ
53%
B3 岐阜スゥープス
53%
B3 湘南ユナイテッドBC
53%
B3 アースフレンズ東京Z
53%
No matching quizzes found
Score Distribution
Percent of People with Each Score
Percentile by Number Answered
Your Score History
You have not taken this quiz